Mathematics for economists /
Introduction. Linear algebra. Calculus of several variables. Optimization. Eigenvalues and dynamics. Advanced linear algebra. Appendices.
محفوظ في:
| المؤلف الرئيسي: | |
|---|---|
| مؤلفون آخرون: | |
| التنسيق: | كتاب |
| اللغة: | English |
| منشور في: |
New York :
W. W. Norton,
1994.
|
| الموضوعات: | |
| الوسوم: |
إضافة وسم
لا توجد وسوم, كن أول من يضع وسما على هذه التسجيلة!
|
| Thư viện lưu trữ: | Mạng thư viện Đại học Đà Nẵng |
|---|
| LEADER | 01028cam a2200349 i 4500 | ||
|---|---|---|---|
| 001 | 000048871 | ||
| 003 | 8597 | ||
| 005 | 20051111141730.0 | ||
| 008 | 010324b1994 vm 000 eng | ||
| 020 | |a 0393957330 | ||
| 040 | |a IRC |c IRC |d IRC | ||
| 041 | 0 | |a eng | |
| 082 | 1 | 4 | |a 510.24339 |b SI-C |
| 100 | 1 | |a Simon, Carl P. | |
| 245 | 0 | 0 | |a Mathematics for economists / |c Carl P. Simon and Lawrence Blume. |
| 260 | |a New York : |b W. W. Norton, |c 1994. | ||
| 300 | |a xxiv, 930 p. : |b ill. ; |c 24cm. | ||
| 520 | 3 | |a Introduction. Linear algebra. Calculus of several variables. Optimization. Eigenvalues and dynamics. Advanced linear algebra. Appendices. | |
| 630 | 0 | 4 | |a Mathematics. |
| 630 | 0 | 4 | |a Mathematical economics. |
| 650 | 0 | 4 | |a Economics, Mathematical. |
| 700 | 1 | |a Blume, Lawrence. | |
| OWN | |a DUT | ||
| 999 | |a From the UDN01 | ||
| TYP | |a Monograph | ||
| TYP | |a Printed language | ||
| 980 | |a Mạng thư viện Đại học Đà Nẵng | ||


